000 00402nam a2200157Ia 4500
005 20250423094551.0
008 250422s9999 xx 000 0 und d
020 _a0- 7645- 4374- 1
050 _aTK 5105.8885.A26 .S88S/
100 _aDavid Sussman
245 0 _aBeginning dynamic websites with ASP.NET web matrix
260 _bWiley publishing
260 _c2003
300 _a547 p
942 _cBK
999 _c27626
_d27626